| 000 | 00784cam a2200241 a 4500 | ||
|---|---|---|---|
| 001 | 000008453 | ||
| 005 | 20200929161338.0 | ||
| 008 | 890410s1966 mx 000 1 spa c | ||
| 040 |
_aDO-SdBNP _bspa _cLC _dBNPHU |
||
| 082 |
_aM863.44 _bC348ó, 1966 |
||
| 100 | 1 |
_aCastellanos, Rosario. _d1925-1974 _922743 |
|
| 245 | 1 | 0 |
_aOficio de tinieblas / _cRosario Castellanos. |
| 250 | _a2a ed. | ||
| 260 |
_aMéxico, D. F. : _bJoaquín Mortiz, _c1966. |
||
| 300 |
_a368 p. ; _c20 cm. |
||
| 490 | 1 | _aNovelistas Contemporáneos | |
| 590 | _aPerteneció a la biblioteca personal de Juan Isidro Jimenes Grullón | ||
| 650 | 4 |
_aNovela mexicana _93959 |
|
| 650 | 4 |
_aLiteratura mexicana _91922 |
|
| 830 | 0 |
_aNovelistas Contemporáneos _911918 |
|
| 910 | _aCatalogación derivada | ||
| 049 | _aBNGR | ||
| 999 |
_c8224 _d8224 |
||